Paroles - 1h55 - Tiakola, Hamza, Rsko - Statistiques

Statistiques générales
  • Ce quiz a été pris 755 fois
  • Le résultat moyen est 307 sur 498
Statistiques - réponses
Paroles % Correct
à
95%
de
92%
la
92%
toi
92%
mon
89%
un
89%
nuit
87%
Une
87%
une
87%
c'est
86%
heure
86%
je
86%
ma
86%
que
86%
Que
86%
te
85%
cinq
84%
me
84%
cinquante
83%
tu
83%
devenu
82%
j'repense
82%
du
81%
monotone
80%
mal
79%
le
77%
nous
77%
qui
77%
dans
76%
deux
75%
l'automne
75%
terminé
75%
chambre
74%
mes
74%
draps
72%
sa
72%
moi
71%
dernière
70%
des
70%
est-ce
69%
Est-ce
69%
lit
69%
69%
qu'à
69%
sous
69%
tout
69%
pour
67%
quand
67%
t'a
67%
ta
67%
Baby
66%
baby
66%
comme
66%
lui
65%
bien
64%
chose
64%
en
64%
j'ai
64%
même
64%
messages
63%
m'l'avouer
63%
au
62%
qu'est-ce
62%
les
61%
pas
61%
ressens
61%
t'envoie
61%
ton
61%
savoir
60%
s'passe
60%
ça
59%
toute
59%
j'veux
58%
m'remplace
58%
qu'il
58%
sourire
58%
RS
56%
sorry
56%
s'rappelle
56%
bossé
55%
dire
54%
ennuis
53%
sais
53%
penses
52%
heureuse
51%
jamais
51%
maintenant
51%
et
50%
regarde
50%
t'appeller
50%
avec
49%
depuis
49%
fond
49%
j'peux
49%
l'air
49%
qu'tu
49%
j'vois
48%
on
48%
tas
48%
fais
47%
t'appeler
47%
t'faufiles
47%
bientôt
46%
Birkin
46%
encore
46%
flex
46%
prêt
46%
Spotify
46%
parles
45%
rebeu
45%
aussi
44%
autant
44%
DS
44%
m'provoquer
44%
nehess
44%
s'cache
44%
sur
44%
fait
43%
j'me
43%
pourquoi
43%
seras
43%
s'intéresse
43%
ciné
42%
collège
42%
d'la
42%
Gucci
42%
hors
42%
j'sais
42%
l'époque
42%
oublié
42%
profite
42%
baisé
41%
BF
41%
car
41%
déesse
41%
il
41%
moula
41%
n'suis
41%
s'est
41%
chez
40%
connais
40%
déclare
40%
fly
40%
j'ignore
40%
j't'ai
40%
sort
40%
Dieu
39%
j'étais
39%
j'la
39%
mets
39%
stories
39%
connus
38%
genre
37%
qu't'as
37%
sans
37%
serais
37%
tomber
37%
vas
37%
bisous
36%
m'pardonne
36%
premiers
36%
rêves
36%
souviens
36%
défilé
35%
veux
35%
caché
34%
ouh
34%
ski
34%
t'emmènes
34%
banque
33%
d'nos
33%
l'regardes
33%
nasty
33%
non
33%
compte
32%
j'm'ennuie
32%
regarder
32%
t'essaies
32%
ABCD
31%
ai
31%
aujourd'hui
31%
lors
31%
partie
31%
qu't'es
31%
suis
31%
revenir
30%
t'raconte
30%
parce que
29%
j'fais
28%
j't'attendais
28%
l'passé
28%
tasspé
28%
d'monnaie
27%
j'lui
27%
shit
27%
pendant
26%
faisais
25%
masque
25%
retourner
25%
t'voulais
23%
passer
21%
remettre
21%
vu
21%
si quelqu'un
19%
l'lehess
16%
gows
13%
Aucun quiz correspondant
Distribution des résultats
% des personnes avec chaque résultat
Percentile par nombre de réponses
Votre historique - résultats
Vous n’avez pas pris ce quiz